[Event "Valby K41 Aabent-ch 0809"]
[Site "Valby"]
[Date "2009.01.20"]
[Round "5"]
[White "Jorgensen, Orla Eilegaard"]
[Black "Christiansen, Andreas Ryding Lun"]
[Result "1-0"]
[WhiteElo "1390"]
[BlackElo "1300"]
[PlyCount "47"]
[EventDate "2008.11.11"]
[EventType "swiss"]
[EventRounds "9"]
[EventCountry "DEN"]
[SourceTitle "EXT 2023"]
[Source "ChessBase"]
[SourceDate "2022.10.05"]
[SourceVersion "1"]
[SourceVersionDate "2022.10.05"]
[SourceQuality "1"]

1. f4 d5 2. Nf3 Bg4 3. e3 Nc6 4. b3 e6 5. Bb2 Nf6 6. Bb5 Bd6 7. Nc3 Qe7 8. d3 Ba3 9. Bxa3 Qxa3 10. 0-0 Qc5 11. Qd2 0-0-0 12. a4 Bxf3 13. Rxf3 d4 14. Nd1 dxe3 15. Nxe3 Nd4 16. Rff1 Ng4 17. b4 Qh5 18. h3 Nxe3 19. Qxe3 Nxc2 20. Qxa7 c6 21. Bxc6 bxc6 22. Rac1 Nxb4 23. Rb1 c5 24. Rxb4 1-0

[Event "Valby K41 Aabent-ch 0809"]
[Site "Valby"]
[Date "2008.11.11"]
[Round "1"]
[White "Christiansen, Andreas Ryding Lun"]
[Black "Rasmussen, Morten"]
[Result "0-1"]
[WhiteElo "1300"]
[BlackElo "1724"]
[PlyCount "52"]
[EventDate "2008.11.11"]
[EventType "swiss"]
[EventRounds "9"]
[EventCountry "DEN"]
[SourceTitle "EXT 2023"]
[Source "ChessBase"]
[SourceDate "2022.10.05"]
[SourceVersion "1"]
[SourceVersionDate "2022.10.05"]
[SourceQuality "1"]

1. d4 d5 2. c4 Nc6 3. Nc3 dxc4 4. Nf3 Nf6 5. e3 Bg4 6. Bxc4 e6 7. 0-0 a6 8. a4 Bb4 9. Bd3 0-0 10. h3 Bh5 11. g4 Bg6 12. Bxg6 hxg6 13. Qb3 Qe7 14. Bd2 Rfd8 15. Rac1 e5 16. d5 Bxc3 17. dxc6 Bxd2 18. cxb7 Rab8 19. Rcd1 Bb4 20. Rxd8+ Rxd8 21. Nxe5 Qxe5 22. Qxb4 Rb8 23. Rc1 a5 24. Qb3 Ne8 25. Rd1 Nd6 26. Rd5 Qe6 0-1